000 00878nam a2200265Ia 4500
003 OSt
005 20220925223524.0
006 a|||||r|||| 00| 0
007 ta
008 220923b |||||||| |||| 00| 0 eng d
020 _a9780415445566
_c552.5
037 _bDU59, 17/02/2009, INDEPENDENT PUBLISHERS GROUP
_cGeneral Book
040 _aRTL
_cRTL
_beng
041 _2eng
_aeng
082 _aY73.29W, P9
100 _aIbrahim Farhana
_930076
245 0 _aSettlers, saints and soverigns
_b An ethnography of state formation in western India
260 _aLondon
_bRoutledge
_c2009
300 _axxi,215p.
_ccm.
490 _aCritical Asian Studies
500 _aBibliography: P.202-211
650 _aSociology
942 _hY73.29W, P9
_cGB
_2CC
999 _c579795
_d579795